1691 1880 1490 1760 1753 1273 1325 1100 1952 1700 1603 1298 1677 1524 1721 1730 1818 1239 1779 1897 1206 1788 1203 1766 1779 1438 1833 1850 1436 1368 1208 1569 1708 1333 1808 1018 1399 1545 1695 1758 1777 1856 1931 1119 1079 1525 1585 1313 1903 1780 1876 1725 1605 1878 1580 1774 1830 1966 1335 1128 1572 1702 1747 1450 1662 1361 1028 1813 1354 1934 1326 1290 1336 1918 1340 1084 1698 1068 1802 1095 1749 1000 1541 1410 1505 1830 1050 1988 1376 1056 1950 1629 1928 1093 1216 1192 1644 1742 1006 BCNSPRNW ULIB Ver.6.0+V

เปลี่ยนเป็นภาษาไทย

Change to English
 แสดงรายละเอียดบรรณานุกรม
  กลับหน้าหลัก

Brief Record : Get Marc (ISO 2709) : E-mail record : QR code < ปิดหน้าต่าง
LEADER : 00000nam 2200000uu 4500
001    13399124537
003     ULIB
008    150901s2552||||th 000 0 tha d
020    ^a9786115000227
090    ^aนว.^bณ429ร
100 0  ^aณารา
245 00 ^aรอยฝันตะวันเดือด/^cณารา
250    ^aพิมพ์ครั้งที่ 4
260    ^aกรุงเทพฯ :^bพิมพ์คำ,^c2552
300    ^a480 หน้า
710 1  ^aพิมพ์คำ
945    ^p0^l0^i027700
999    ^aทศพร
รายการนี้ยังไม่มีแท็ก
คุณยังไม่ได้ล็อกอิน คุณสามารถมีกิจกรรมร่วมกับเว็บไซต์ได้ แต่ต้องล็อกอินก่อน ::
  ล็อกอิน

รายการสื่อสารสนเทศ

ลำดับที่ ประเภท เลขเรียก/บาร์โค้ด สถานที่ สถานะ
1. นวนิยาย
นวนิยาย
นว. ณ429ร ฉ.1 
  Barcode: 027700
ห้องสมุดวิทยาเขตสวรรค์ประชารักษ์
►นวนิยาย
บนชั้น
  ขอยืม

รายการใกล้เคียง
    ผู้แต่ง [ณารา]

BibComment


ยังไม่เคยถูกคอมเมนท์

คอมเมนท์ทรัพยากรรายการนี้
  คอมเมนท์: รอยฝันตะวันเดือด..


 Copyright 2026. Bcnsprnw @Library